000 00351nam a2200133Ia 4500
008 240624s9999 xx 000 0 und d
041 _aeng
082 _a382 DRA
100 _aDRABEK ZDENEK
245 _aIS THE WORLD TRADE ORGANIZATION ATTRACTI
260 _c2010
_aNew York
_bPalgrave Macmillan
300 _axix, 359 p.; 23 cm.
365 _cERU
_b38
999 _c29086
_d29086